Anne of green gables / (Record no. 4718)

MARC details
000 -LEADER
fixed length control field 00985nam a22002897a 4500
001 - CONTROL NUMBER
control field 4718
003 - CONTROL NUMBER IDENTIFIER
control field FISKH
005 - DATE AND TIME OF LATEST TRANSACTION
control field 20240925111112.0
008 - FIXED-LENGTH DATA ELEMENTS--GENERAL INFORMATION
fixed length control field 240925b cb ||||| |||| 00| 0 eng d
020 ## - INTERNATIONAL STANDARD BOOK NUMBER
International Standard Book Number 071009003996
040 ## - CATALOGING SOURCE
Original cataloging agency FISKH
Language of cataloging eng
Transcribing agency FISKH
Modifying agency FISKH
050 ## - LIBRARY OF CONGRESS CALL NUMBER
Classification number PZ7.T16135
082 ## - DEWEY DECIMAL CLASSIFICATION NUMBER
Edition number 813.52
100 ## - MAIN ENTRY--PERSONAL NAME
Personal name Montgomery, L.M.
Dates associated with a name (1874–1942)
245 ## - TITLE STATEMENT
Title Anne of green gables /
Statement of responsibility, etc. by L.M. Montgomery Adapted by shelley Tanaka
250 ## - EDITION STATEMENT
Edition statement Printing in 1999
260 ## - PUBLICATION, DISTRIBUTION, ETC.
Place of publication, distribution, etc. New York :
Name of publisher, distributor, etc. A Yealing Book,
Date of publication, distribution, etc. 1999.
300 ## - PHYSICAL DESCRIPTION
Extent 104 pages :
Dimensions 20cm
505 ## - FORMATTED CONTENTS NOTE
Formatted contents note P<br/>
520 ## - SUMMARY, ETC.
Summary, etc. Anne, an eleven-year-old orphan, is sent by mistake to live with a lonely, middle-aged brother and sister on a Prince Edward Island farm and proceeds to make an indelible impression on everyone around her.
521 8# - TARGET AUDIENCE NOTE
Target audience note 640L<br/>
Source Lexile<br/>
521 8# - TARGET AUDIENCE NOTE
Target audience note P<br/>
Source Raz-Plus<br/>
650 ## - SUBJECT ADDED ENTRY--TOPICAL TERM
Source of heading or term Fiction
Topical term or geographic name entry element Historical fiction
650 ## - SUBJECT ADDED ENTRY--TOPICAL TERM
Source of heading or term Children's classic
Topical term or geographic name entry element Orphans
942 ## - ADDED ENTRY ELEMENTS (KOHA)
Source of classification or shelving scheme Dewey Decimal Classification
Koha item type Books
Suppress in OPAC No
Holdings
Withdrawn status Lost status Source of classification or shelving scheme Damaged status Not for loan Collection Home library Current library Shelving location Date acquired Total Checkouts Full call number Barcode Date last seen Copy number Price effective from Koha item type
    Dewey Decimal Classification     Fiction Footprints International School Library Network Toul Kork Campus Footprints International School Library Network Toul Kork Campus TTP Primary Yellow Bookshelves 09/25/2024   MON 813.52 PZ7.T16135 2024-2076 09/25/2024 1 09/25/2024 Books